كتابة الأعلام الأجنبية بحروف عربية

محفوظ في:

المؤلف الرئيسي: محمد شفيق.

التنسيق: كتاب

اللغة: Undetermined

منشور في: Cairo 1959

الوسوم: إضافة وسم

لا توجد وسوم, كن أول من يضع وسما على هذه التسجيلة!

رقم الطلب: P31 GHOR

LEADER 00343nam a2200121Ia 4500
008 240404s9999||||xx |||||||||||||| ||und||
050 4 |a P31 GHOR 
100 1 |a محمد شفيق. 
245 1 0 |a كتابة الأعلام الأجنبية بحروف عربية  |c محمد شفيق 
264 1 |a Cairo  |c 1959 
300 |a 13  |c 31 
942 |2 lcc  |c BK 
999 |c 57954  |d 57954